000 00233nam a22000857a 4500
999 _c2226
_d2226
003 OSt
005 20170830140832.0
008 160711b xxu||||| |||| 00| 0 eng d
020 _a0710008759
040 _cBOOK
082 _aGOL407
100 _92560
_a Gollasch, F.V
245 _aLanguage & Literacy
250 _aVOL. 1
260 _aLondon
_bRoutledge & Kegan Paul
_c1982
942 _2ddc
_cBK